Grundlagen der deutschen Prozessphonologie

Saved in:
Bibliographic Details
Main Author: Adamcová, Lívia
Format: Book Chapter
Language:German
Subjects:
Tags: Add Tag
No Tags, Be the first to tag this record!

MARC

LEADER 00000naa$a2200000$$$4500
001 0184126
005 20240502083434.5
041 0 |a ger 
044 |a HU 
245 1 0 |a Grundlagen der deutschen Prozessphonologie  |c Lívia Adamcová 
610 2 0 |a jazyky cudzie 
610 2 0 |a nemčina 
610 2 0 |a jazykoveda 
100 1 |a Adamcová, Lívia